| 000 | 00975cam a2200313 a 4500 | ||
|---|---|---|---|
| 001 | 1983180 | ||
| 003 | OSt | ||
| 005 | 20140310182118.0 | ||
| 008 | 891108s1991 nyu b 000 0 eng | ||
| 010 | _a 89063919 | ||
| 020 | _a9780312046255 | ||
| 040 |
_aDLC _cDLC _dDLC |
||
| 043 | _an-us--- | ||
| 050 | 0 | 0 |
_aE 741 _b.Am512 1991 |
| 082 | 0 | 0 |
_aHS 973.92 _bMa33 1991 |
| 245 | 0 | 0 |
_aAmerica since 1945 / _cRobert D. Marcus and David Burner. |
| 250 | _a5th ed. | ||
| 260 |
_aNew York : _bSt. Martin's Press, _cc1991. |
||
| 300 |
_aviii, 413 p. ; _c23 cm. |
||
| 541 | _j1 | ||
| 562 | _d1 | ||
| 650 |
_aUnited States, _xHistory. _x1945. _913861 |
||
| 650 |
_aBurner, David D. _913862 |
||
| 700 | 1 |
_aMarcus, Robert D., _d1936- _913863 |
|
| 700 | 1 |
_aBurner, David, _d1937- _913864 |
|
| 906 |
_a7 _bcbc _corignew _d2 _eopcn _f19 _gy-gencatlg |
||
| 942 |
_2lcc _cHS |
||
| 999 |
_c9498 _d9498 |
||